| 000 | 00763nam a2200229 i 4500 | ||
|---|---|---|---|
| 001 | 167835 | ||
| 003 | ES-MaACL | ||
| 005 | 20250805062615.0 | ||
| 008 | 050928s1900 xxka |||| | eng d | ||
| 040 |
_aCAM _bspa _cCAM |
||
| 080 | _a572 | ||
| 080 | _a316 | ||
| 100 | 1 |
_aWallace, Alfred Russel. _9115944 |
|
| 245 | 1 | 0 |
_aStudies scientific & social / _cby Alfred Russel Wallace ; with numerous illustrations. |
| 260 |
_aLondon : _bMacmillan and Co., _c1900 ( _fRichard Clay and Sons) |
||
| 300 |
_a2 v. (XV, 532; VIII, 535 p. ) : _bil. ; _c20 cm. |
||
| 500 | _aÍndices. | ||
| 650 | 7 |
_aAntropología física _2embne _99893 |
|
| 650 | 7 |
_aSociología _2embne _917195 |
|
| 852 |
_aES-MaACL _jF-5555-56 _z- enc. tela verde |
||
| 999 |
_c167835 _d167835 |
||